| 000 -LEADER |
| fixed length control field |
01102pab a2200181 454500 |
| 008 - FIXED-LENGTH DATA ELEMENTS--GENERAL INFORMATION |
| fixed length control field |
180718b2003 xxu||||| |||| 00| 0 eng d |
| 100 ## - MAIN ENTRY--PERSONAL NAME |
| Personal name |
Balakrishnan, Pulapre |
| 245 ## - TITLE STATEMENT |
| Title |
Growth and distribution in Indian industry in the nineties |
| 260 ## - PUBLICATION, DISTRIBUTION, ETC. |
| Date of publication, distribution, etc. |
2003 |
| 300 ## - PHYSICAL DESCRIPTION |
| Extent |
p.3997-4005. |
| 362 ## - DATES OF PUBLICATION AND/OR SEQUENTIAL DESIGNATION |
| Dates of publication and/or sequential designation |
20 Sep |
| 520 ## - SUMMARY, ETC. |
| Summary, etc. |
In a study of the evolution of the Indian manufacturing sector over close to three decades we find the annual average rate of growth in the nineties to have risen almost across the board at the two-digit level of industry. Nevertheless, the acceleration is not particularly impressive for what is often hailed as the most significant policy-regime shift since 1950. There is a hefty rise in investment, however, though without a corresponding increase in its efficiency. And distribution has shifted sharply with labour's share declining. This paper attempts to link these developments in a coherent way. - Reproduced. |
| 650 ## - SUBJECT ADDED ENTRY--TOPICAL TERM |
| Topical term or geographic name entry element |
India - Industries |
| 650 ## - SUBJECT ADDED ENTRY--TOPICAL TERM |
| Topical term or geographic name entry element |
Industrial development |
| 700 ## - ADDED ENTRY--PERSONAL NAME |
| Personal name |
Suresh Babu, M. |
| 773 ## - HOST ITEM ENTRY |
| Main entry heading |
Economic and Political Weekly |
| 909 ## - |
| -- |
58389 |